College Basketball Conference Realignment - Statistics

General Stats
  • This quiz has been taken 30 times
  • The average score is 17 of 32
Answer Stats
Original Conference New Conference Team % Correct
West Coast PAC-12 Oregon State
81%
Mountain West PAC-12 Boise State
78%
West Coast PAC-12 Gonzaga
78%
West Coast PAC-12 Washington State
78%
Mountain West PAC-12 Colorado State
70%
CUSA Mountain West UTEP
70%
Mountain West PAC-12 Fresno State
67%
Mountain West PAC-12 San Diego State
67%
Big West Mountain West Hawaii
63%
Mountain West PAC-12 Utah State
63%
Summit League West Coast Denver
59%
Sun Belt PAC-12 Texas State
56%
MAC Horizon Northern Illinois
52%
Big Sky Big West Sacramento State
52%
WAC Big Sky Southern Utah
52%
WAC Big Sky Utah Tech
52%
WAC Big West Utah Valley
52%
ASUN UAC Austin Peay
48%
CUSA Sun Belt Louisiana Tech
48%
WAC UAC Tarleton State
48%
Big West Mountain West UC Davis
48%
ASUN UAC Eastern Kentucky
44%
WAC UAC Abilene Christian
41%
ASUN UAC Central Arkansas
37%
ASUN UAC North Alabama
37%
Big West West Coast UC San Diego
37%
Ohio Valley UAC Little Rock
33%
WAC Big West Cal Baptist
30%
Ohio Valley SoCon Tennessee Tech
30%
WAC UAC UT Arlington
30%
ASUN UAC West Georgia
30%
NorthEast PAC St Francis
26%
No matching quizzes found
Score Distribution
Percent of People with Each Score
Percentile by Number Answered
Your Score History
You have not taken this quiz